00325nam a2200121Ia 4500008004100000041000800041082001700049100001800066245004500084260003500129300003200164365000700196240624s9999 xx 000 0 und d aeng a332.6327 SAH aSAHADEVAN K G aMUTUAL FUNDS DATA INTERPRETATION AND ANA c2004aNew DelhibPrentice-Hall axvii, : 165 : p. : cm. ; 24 cRS